000 01379nam0a2200337 4500
001 RU\NLR\BIBL_A\011714383
005 20180627143101.0
010 _a978-5-699-97421-4
_93000
021 _aRU
_bКН-П-18-030922
_9КН-П-18-2250
035 _a(NLR Aleph) 011714383
035 _a(RuMoRGB)009618734
090 _a11449976
_c11449976
100 _a20180528d2018 u y0rusy50 ca
101 0 _arus
102 _aRU
105 _aacg|z|||000zy
200 1 _aМузыка
_eдля тех, кто хочет все успеть
_eистория музыки, музыкальные профессии, награды и герои чартов, музыкальные формы и жанры
_f[автор текста: Е. Хортова]
210 _aМосква
_cЭ
_d2018
215 _a123, [4] с.
_cил., нот., портр.
_d20
225 1 _aЭнциклопедия быстрых знаний
320 _aБиблиогр. в конце кн. (18 назв.)
333 _a12+
606 _aМузыка
_jПопулярные издания
_2nlr_sh2
_3RU\NLR\AUTH\66429
686 _aЩ31я9
_2rubbk
686 1 _aЩ31я9
702 1 _aХортова
_bЕ. А.
_gЕкатерина Анатольевна
_4220
942 _cBOOK
980 _aNBR
980 _aNB